=LDR 00000nam 2200000 4500 =001 INLIS000000000007308 =005 20200702082129 =035 ##$$a 0010-061300000007308 =008 200702################g##########0#ind## =041 ##$$a Ind =082 ##$$a 2x0. 33 =090 ##$$a 210.32, Sha j =100 ##$$a Shalih, Sa'dudin As Sayid =245 1#$$a Jaringan konspirasi : $b Menentang Islam /$c DR. Sa'dudin As-Sayid Shalih; penerjemah, Muhamad Thalib;Editor, Irfan s awwas =260 ##$$a Yogyakarta :$b Al-qahirah,$c 1990 =300 ##$$a xvi, 213 hlm ; $c 15 x 22 cm =650 #4$$a Islam-Politik =020 ##$$a 979-9311-00-4 =084 ##$$a 2x0. 33 SHA j =250 ##$$a Cet. 1 =504 ##$$a Biografi : hlm. 207 - 211 =990 ##$$a 152.287/Pb-2000